| 000 | 00714nab a2200241 4500 | ||
|---|---|---|---|
| 003 | BR-BrBNA | ||
| 005 | 20241218124245.0 | ||
| 008 | 241218b bl.||||| |||| 00| 0 por d | ||
| 040 |
_aBR-BrBNA _bpor |
||
| 072 | _aF06 ; P01 ; E14 | ||
| 100 | _aGiacóia Neto, José | ||
| 245 | _aDivisão de setores em projetos de irrigação em paisagismo | ||
| 500 | _a5 illus. | ||
| 650 | _aIRRIGAÇÃO | ||
| 650 | _aPAISAGISMO | ||
| 650 | _aPLANEJAMENTO | ||
| 650 | _aARQUITETURA | ||
| 650 | _aMICROCLIMA | ||
| 650 | _aCUSTO | ||
| 773 | 0 |
_04820 _9344820 _dVotuporanga/SP IRRIGAZINE 2009 _o2024-5148 _tIrrigazine (Brazil) _gv. 13(48) p. 22-25; (Aug 2016) _wBR2024004212 |
|
| 942 | _cANA | ||
| 999 |
_c329341 _d329341 |
||